Percy Jackson A-Z+heroes of Olympus - Statistics

General Stats
  • This quiz has been taken 223 times
  • The average score is 20 of 26
Answer Stats
Letter Hint Answer % Correct
C Camp half blood director next to mr. d is a centaur Chiron
97%
D Rachel Elizabeth ____ is camp’s oracle Dare
96%
H God who greets Percy at the end of 5th book, with George and Martha Hermes
95%
J Son of Zeus/Jupiter can fly, and half brother to Thalia Jason grace
94%
B What Percy renamed Iapetus after river lethe Bob
92%
L Son of Hephaestus, can fix mechanical stuff Leo Valdez
92%
R Author for Percy jackson Rick Riordan
92%
F Large bronze dragon who broke who is Leo Valdez’s Festus
91%
V Aphrodite’s Roman form is Venus
91%
E Harpy, Tyson’s girlfriend rescued from phineas Ella
90%
X Guys, comment on this one, can’t think of X! Just the answer to this one is: ok Ok
89%
T Daughter of Zeus, brother to jason Thalia grace
89%
G Item that turns Thalia into human in second book Golden fleece
88%
W Zephyr Is the minor god of the ____ winds West
88%
M Half man half bull mother is paisphae, father is a bull trapped in the labyrinth slain by theseus Minotaur
87%
U Gabe _______ is percy’s first stepfather, turned to stone by Medusa Ugliano
83%
P Castor's twin brother Pollux
82%
I Before Percy renamed him Bob the titan, who was he? Iapetus
78%
Y The first school ever mentioned was _____ academy Yancy
75%
O Island where Calypso is trapped Ogygia
72%
K Snow goddess. Shoots Leo to ogygia/calypso. Daughter of Boreas Khione
69%
Q Fake swordsman, actually dedalus in suit of automaton in 2nd book Quintus
66%
S Son of Poseidon robber, kicks people off cliffs, big pet turtle molly, swallows them Sciron
29%
Z Brother of Calais son of Boreas Zethes
29%
N Animals live underwater Nereid
24%
A The original name of the minotaur in Percy “Greek heroes“ book Asterion
22%
No matching quizzes found
Score Distribution
Percent of People with Each Score
Percentile by Number Answered
Your Score History
You have not taken this quiz